Una strana confessione : memorie di un ermafrodito presentate da Michel Foucault /
Guardat en:
| Autor principal: | |
|---|---|
| Altres autors: | , |
| Format: | Llibre |
| Idioma: | italià |
| Publicat: |
Torino :
Einaudi,
2007
|
| Col·lecció: | ET ;
1469 |
| Matèries: | |
| Etiquetes: |
Sense etiquetes, Sigues el primer a etiquetar aquest registre!
|
MARC
| LEADER | 00000nam a22000007i 4500 | ||
|---|---|---|---|
| 001 | IT\ICCU\UBO\3233787 | ||
| 003 | ItRI | ||
| 005 | 20260226155843.0 | ||
| 008 | 070618s2007 it |||||| ||||| |||||c | ||
| 020 | |a 9788806187033 | ||
| 040 | |b ita |c Arcigay Queer VdA | ||
| 041 | 7 | |a ita |2 ISO-639-2 | |
| 082 | |a 616.694 |2 19 | ||
| 100 | 1 | |a Barbin, Herculine |0 IT\ICCU\SBLV\180067 |4 aut | |
| 240 | 1 | 0 | |a Herculine Barbin, dite Alexina B. . |9 Barbin, Herculine |
| 245 | 1 | 4 | |a Una strana confessione : |b memorie di un ermafrodito presentate da Michel Foucault / |c Herculine Barbin detta Alexina B. ; traduzione e nota introduttiva di Brunella Schisa. |
| 260 | |a Torino : |b Einaudi, |c 2007 | ||
| 300 | |a XIV, 120 p. ; |c 20 cm. | ||
| 650 | 7 | |a Barbin, Herculine |x Autobiografia |2 scbi | |
| 700 | 1 | |a Schisa, Brunella |0 IT\ICCU\BVEV\011430 | |
| 700 | 1 | |a Foucault, Michel |0 IT\ICCU\CFIV\040224 | |
| 830 | 0 | |a ET ; |v 1469 |0 IT\ICCU\CFI\0626608 | |
| 942 | |2 ddc |c BK | ||
| 952 | |0 0 |1 0 |2 ddc |4 0 |6 616_694000000000000_BAR_STR |7 1 |9 4095 |a AO |b AO |d 2025-05-01 |l 0 |o 616.694 BAR STR |p 11272 |r 2025-05-01 17:42:17 |w 2025-05-01 |x Di proprietà di Giulio Gasperini |y BK | ||
| 952 | |0 0 |1 0 |4 0 |6 DOC_843_800000000000000_BAR |7 0 |9 19169 |a BO |b BO |d 2026-01-15 |i 12348 |l 0 |o DOC 843.8 BAR |p BO12348 |r 2026-01-15 23:20:41 |w 2026-01-15 |x [Sebina 5] [1 v.] |y BK |z 1 v. | ||
| 999 | |c 3170 |d 3170 | ||